Detalles MARC
| 000 -LIDER |
| fixed length control field |
02030nam a22003257a 4500 |
| 003 - IDENTIFICACDOR DE NÚMERO DE CONTROL |
| control field |
DO-SdBNP |
| 005 - DATE AND TIME OF LATEST TRANSACTION |
| control field |
20231009085510.0 |
| 008 - ELEMENTOS DE LONGITUD FIJA |
| fixed length control field |
171020b2009 |00| 0 spa d |
| 020 ## - ISBN |
| International Standard Book Number |
99789945001815 |
| 040 ## - FUENTE DE CATALOGACIÓN |
| Agencia que crea de manera original el registro |
BPMSU |
| Idioma de catalogación |
spa |
| Agencia que realiza la transcripción |
BPMSU |
| 082 #4 - NÚMERO DE CLASIFICACIÓN DECIMAL DE DEWEY |
| Classification number |
RD861.44 |
| Item number |
M425m 2009 |
| Edition number |
22 |
| 100 1# - ASIENTO PRINCIPAL -- NOMBRE PERSONAL |
| Nombre personal |
Morrison, Mateo, |
| Fechas asociadas con el nombre |
1947- |
| 245 10 - MENCIÓN DE TITULO |
| Título |
Mateo Morrison y su obra poética : |
| Subtítulo |
diversas miradas / |
| Mención de responsabilidad |
Mateo Morrison, Franklin García Fermín ...[et.al.]. |
| 260 ## - PUBLICACIÓN, DISTRIBUCIÓN, ETC. (PIE DE IMPRENTA) |
| Lugar de publicación, distribución, etc |
Santo Domingo : |
| Nombre del editor, distribuidor, etc. |
UASDj, |
| Fecha de publicación, distribución, etc |
2009. |
| 300 ## - DESCRIPCIÓN FÍSICA |
| Extensión |
103 p. : |
| Dimensiones |
22 cm. |
| 505 0# - NOTA DE CONTENIDO |
| Texto normalizado de contenido |
Mateo recorriendo los caminos de la Patria/ Rafael Nino-Féliz -- Discurso pronunciado por el doctor /Franklin García Fermín, rector de la Universidad Autónoma de Santo Domingo, en el acto de puesta en circulación del libro Las palabras están ahí -- Cuerpo, casa y ciudad: un mismo centro. Sobre Las palabras están ahí Mateo Morrison / Claudia Hernández del Valle -- La alborada verbal de Mateo Morrison / Tony Raful -- (Re)pensar a Mateo Morrison / Federico Jóvine Bermúdez -- Mateo Morrison y la ansilaridad sostenible y coherente: Las palabras están ahí / José Rosamantes -- Palabras del escritor Carlos Reyes, del circulo literario de Valverde Mao, en la puesta en circulación del libro Las palabras están ahí -- Otras miradas poesía e identidad en Mateo Morrison /Teresa Saldívar -- La obra fecunda de Mateo Morrison / Rafael Pineda -- Opiniones de diversos escritores acerca de la obra de Mateo Morrison -- Biografía -- Bibliografía activa -- Bibliografía pasiva. |
| 590 ## - NOTA LOCAL |
| Texto de la nota local |
Inventariado, 2023/VM |
| 650 #4 - ENCABEZAMIENTO DE MATERIA--TEMÁTICO |
| Término temático o nombre geográfico como elemento de entrada |
Poesía dominicana |
| Subdivisión temática general |
Crítica e interpretación |
| 650 #4 - ENCABEZAMIENTO DE MATERIA--TEMÁTICO |
| Término temático o nombre geográfico como elemento de entrada |
Literatura dominicana |
| Subdivisión temática general |
Historia y crítica |
| 700 1# - ASIENTO SECUNDARIO -- NOMBRE PERSONAL |
| Nombre personal |
Hernández del Valle, Claudia |
| 700 1# - ASIENTO SECUNDARIO -- NOMBRE PERSONAL |
| Nombre personal |
Raful, Tony |
| 700 1# - ASIENTO SECUNDARIO -- NOMBRE PERSONAL |
| Nombre personal |
Jóvine Bermúdez, Federico |
| 700 1# - ASIENTO SECUNDARIO -- NOMBRE PERSONAL |
| Nombre personal |
Rosamantes, José de |
| 700 1# - ASIENTO SECUNDARIO -- NOMBRE PERSONAL |
| Nombre personal |
Reyes, Carlos |
| 700 1# - ASIENTO SECUNDARIO -- NOMBRE PERSONAL |
| Nombre personal |
Féliz, Rafael Nino |
| 700 1# - ASIENTO SECUNDARIO -- NOMBRE PERSONAL |
| Nombre personal |
Zaldívar, Teresa |
| 700 1# - ASIENTO SECUNDARIO -- NOMBRE PERSONAL |
| Nombre personal |
Pineda, Rafael |
| 910 ## - VALIDACIÓN |
| Validación |
VMateo V. Control de calidad BPMSU |
| 942 ## - ADDED ENTRY ELEMENTS (KOHA) |
| Source of classification or shelving scheme |
Dewey Decimal Classification |
| Koha item type |
Libros |